000 00440nam a2200157 i 4500
001 68130
003 ES-MaACL
005 20230906170217.0
007 t|
008 040610s1973 ag ||||1| spa d
100 1 _aGarasa, Delfín Leocadio.
_953917
245 1 0 _aLiteratura y sociología /
_cDelfín Leocadio Garasa.
260 _a[Buenos Aires] :
_bTroquel,
_c[1973]
300 _a302 p. ;
_c19 cm.
852 _aES-MaACL
_jA-5763
_bR.94742
999 _c68130
_d68130